Literacy in India: the present context (Record no. 16544)

MARC details
000 -LEADER
fixed length control field 00360nam a2200133Ia 4500
082 ## - DEWEY DECIMAL CLASSIFICATION NUMBER
Classification number 302.2244 MUK-L
100 ## - MAIN ENTRY--AUTHOR NAME
Personal name Mukherjee, Aditi
245 #0 - TITLE STATEMENT
Title Literacy in India: the present context
260 ## - PUBLICATION, DISTRIBUTION, ETC. (IMPRINT)
Place of publication Shimla
Name of publisher Indian Institute of Advance Study
Year of publication 2003
300 ## - PHYSICAL DESCRIPTION
Number of Pages 113
504 ## - BIBLIOGRAPHY, ETC. NOTE
Bibliography, etc includes appendix and bibliography
650 ## - SUBJECT ADDED ENTRY--TOPICAL TERM
Topical Term Literacy
Form subdivision India
942 ## - ADDED ENTRY ELEMENTS (KOHA)
Koha item type Books
Holdings
Withdrawn status Lost status Damaged status Not for loan Collection code Home library Current library Date acquired Bill Date Full call number Accession Number Price effective from Koha item type
        Docas Books NASSDOC Library NASSDOC Library 10/03/2017 2004-10-22 302.2244 MUK-L D002144 18/04/2019 Books